| 000 | 01055cam a22002414a 4500 | ||
|---|---|---|---|
| 999 |
_c342273 _d342273 |
||
| 001 | 13107397 | ||
| 003 | NUST | ||
| 005 | 20171215101938.0 | ||
| 008 | 030228s2003 paua b 001 0 eng | ||
| 010 | _a 2003045100 | ||
| 020 | _a080313357X | ||
| 040 |
_aDLC _cDLC _dDLC |
||
| 042 | _apcc | ||
| 050 | 0 | 0 |
_aQR53.5.P48 _bF84 2003 |
| 082 | 0 | 0 |
_a662.601576 FRE _221 |
| 245 | 0 | 0 |
_aFuel and fuel system microbiology-- fundamentals, diagnosis, and contamination control / _cFrederick J. Passman, Editor. |
| 260 |
_aWest Conshohocken, PA : _bASTM International, _c2003. |
||
| 300 |
_ax, 114 p. : _bill. ; _c28 cm. |
||
| 500 | _aP.B | ||
| 504 | _aIncludes bibliographical references and index. | ||
| 650 | 0 |
_aFuels _xMicrobiology. _97324 |
|
| 700 | 1 |
_aPassman, Frederick J. _97325 |
|
| 906 |
_a7 _bcbc _corignew _d1 _eocip _f20 _gy-gencatlg |
||
| 942 |
_2ddc _cBK _kIESE |
||